000 00578nam a2200217Ia 4500
003 OSt
005 20220928134900.0
006 a|||||r|||| 00| 0
007 ta
008 220927b |||||||| |||| 00| 0 eng d
024 _a63037
037 _cTextual
040 _aSDCL
_cSDCL
_beng
041 _2eng
_aeng
082 _aP15,Cx1,1,6,3, N6.1-.3
100 _aBhatta Nagesa
_9488796
245 0 _aBrhat-sabdendusekharah.3V.(Vol 87)
260 _aVaranasi
_c1996
942 _hP15,Cx1,1,6,3, N6.1-.3
_cTEXL
_2CC
999 _c803933
_d803933